[Event "2. Bundesliga Ost 2019/2020"]
[Site "alle Wien"]
[Date "2019.11.16"]
[Round "3"]
[Board "6"]
[White "Hechl, Fabian"]
[Black "Hofegger, Jakob"]
[Result "0-1"]
[WhiteElo "1978"]
[BlackElo "2177"]
[PlyCount "76"]
[EventDate "2019.10.19"]
[EventType "team"]
[EventRounds "11"]
[EventCountry "AUT"]
[WhiteTeam "SC Donaustadt"]
[BlackTeam "SK Advisory Invest Baden"]

1. e4 e6 2. d4 d5 3. Nd2 c5 4. exd5 exd5 5. Ngf3 Nc6 6. Bb5 Bd6 7. dxc5 Bxc5 8.
O-O Nge7 9. Nb3 Bd6 10. c3 O-O 11. Nbd4 Bg4 12. h3 Nxd4 13. Qxd4 Bxf3 14. gxf3
Bc7 15. Bf4 Bxf4 16. Qxf4 Ng6 17. Qd4 Qd6 18. Qg4 Nf4 19. Kh1 Qh6 20. Bd7 Rad8
21. Bf5 d4 22. cxd4 Rxd4 23. Rad1 Rfd8 24. Rxd4 Rxd4 25. Re1 g6 26. Re4 Rxe4
27. fxe4 Nd3 28. Qg3 Qd2 29. Kg2 Qe2 30. Kg1 b6 31. f3 Qxb2 32. Qb8+ Kg7 33.
Bg4 h5 34. Bxh5 Qf2+ 35. Kh1 gxh5 36. Qd8 Qxf3+ 37. Kh2 Qf4+ 38. Kg1 Qg3+  0-1

[Event "2. Bundesliga Ost 2019/2020"]
[Site "alle Wien"]
[Date "2019.11.16"]
[Round "3"]
[Board "1"]
[White "Lipka, Juraj"]
[Black "Baumegger, Siegfried"]
[Result "1-0"]
[WhiteElo "2405"]
[BlackElo "2432"]
[PlyCount "65"]
[EventDate "2019.10.19"]
[EventType "team"]
[EventRounds "11"]
[EventCountry "AUT"]
[WhiteTeam "ASVOE Pamhagen"]
[BlackTeam "tschaturanga"]

1. Nf3 c5 2. c4 g6 3. d4 cxd4 4. Nxd4 Nc6 5. g3 Bg7 6. Nc2 d6 7. Bg2 Be6 8. Ne3
Rc8 9. O-O Qd7 10. Re1 Bh3 11. Bh1 h5 12. Nc3 Bxc3 13. bxc3 h4 14. Rb1 b6 15.
Bb2 hxg3 16. hxg3 Nf6 17. c5 dxc5 18. Qa4 Na5 19. Qf4 c4 20. Ba3 Qc7 21. Qxc7
Rxc7 22. Red1 Bc8 23. Rd4 Bb7 24. Bxb7 Nxb7 25. g4 O-O 26. g5 Nh7 27. Nd5 Rfc8
28. Nxe7+ Rxe7 29. Bxe7 Rc7 30. Re4 Nc5 31. Bxc5 Rxc5 32. f4 Ra5 33. Rd1  1-0

[Event "2. Bundesliga Ost 2019/2020"]
[Site "alle Wien"]
[Date "2019.11.16"]
[Round "3"]
[Board "2"]
[White "Morgunov, Marc"]
[Black "Volkmann, Friedrich Karl"]
[Result "0-1"]
[WhiteElo "2280"]
[BlackElo "2403"]
[PlyCount "78"]
[EventDate "2019.10.19"]
[EventType "team"]
[EventRounds "11"]
[EventCountry "AUT"]
[WhiteTeam "tschaturanga"]
[BlackTeam "ASVOE Pamhagen"]

1. e4 c5 2. Nf3 Nc6 3. d4 cxd4 4. Nxd4 Nf6 5. Nc3 e5 6. Ndb5 d6 7. Bg5 a6 8.
Na3 Be6 9. Nc4 Rc8 10. Ne3 Be7 11. Bxf6 Bxf6 12. Ncd5 Bg5 13. Be2 O-O 14. O-O
g6 15. c3 f5 16. Nc4 Kh8 17. Ndb6 Bxc4 18. Nxc4 Rf6 19. Bf3 Ne7 20. Qe2 fxe4
21. Qxe4 Rf4 22. Nxe5 Qc7 23. Qxb7 dxe5 24. Qxa6 e4 25. Be2 Rb8 26. Rab1 Qe5
27. a4 Rf6 28. Qc4 Rc6 29. Qa2 Rd6 30. Rfd1 Rxd1+ 31. Rxd1 e3 32. f3 Bf4 33.
Qf7 Bxh2+ 34. Kf1 Qg5 35. Rd4 Be5 36. Rg4 Qh5 37. Bc4 Qh1+ 38. Ke2 Rxb2+ 39.
Kd3 Qb1+  0-1

[Event "2. Bundesliga Ost 2019/2020"]
[Site "alle Wien"]
[Date "2019.11.16"]
[Round "3"]
[Board "3"]
[White "Vitouch, Anatol"]
[Black "Sadilek, Maximilian"]
[Result "1-0"]
[WhiteElo "2286"]
[BlackElo "2313"]
[PlyCount "71"]
[EventDate "2019.10.19"]
[EventType "team"]
[EventRounds "11"]
[EventCountry "AUT"]
[WhiteTeam "ASVOE Pamhagen"]
[BlackTeam "tschaturanga"]

1. c4 g6 2. g3 Bg7 3. Bg2 d6 4. Nc3 Nc6 5. d3 e5 6. e4 Nge7 7. Nge2 Be6 8. Nd5
O-O 9. O-O Qd7 10. Be3 Nd4 11. Bxd4 exd4 12. Nef4 Nc6 13. Qa4 Qd8 14. Rae1 Ne5
15. Qd1 a5 16. Nxe6 fxe6 17. Nf4 Qf6 18. Nh3 h5 19. f4 Ng4 20. e5 dxe5 21. fxe5
Qe7 22. Rxf8+ Rxf8 23. Qd2 Bh6 24. Qxa5 Ne3 25. Qa7 Nxg2 26. Kxg2 c5 27. Rf1
Rxf1 28. Kxf1 Qf7+ 29. Kg2 Qc7 30. Qa8+ Kf7 31. Nf2 Be3 32. Qh8 Qb6 33. Ne4
Qxb2+ 34. Kh3 Qe2 35. Nd6+ Ke7 36. Qe8#  1-0

[Event "2. Bundesliga Ost 2019/2020"]
[Site "alle Wien"]
[Date "2019.11.16"]
[Round "3"]
[Board "4"]
[White "Sadilek, Peter"]
[Black "Alvir, Aco"]
[Result "1/2-1/2"]
[WhiteElo "2280"]
[BlackElo "2338"]
[PlyCount "34"]
[EventDate "2019.10.19"]
[EventType "team"]
[EventRounds "11"]
[EventCountry "AUT"]
[WhiteTeam "tschaturanga"]
[BlackTeam "ASVOE Pamhagen"]

1. d4 d5 2. Nf3 Nf6 3. c4 e6 4. Nc3 Be7 5. Bf4 O-O 6. e3 c5 7. dxc5 Bxc5 8. Qc2
Nc6 9. a3 Qa5 10. O-O-O Ne4 11. Nxe4 dxe4 12. Qxe4 Bxa3 13. bxa3 Qxa3+ 14. Kb1
Qb3+ 15. Kc1 Qa3+ 16. Kb1 Qb3+ 17. Kc1 Qa3+  1/2-1/2

[Event "2. Bundesliga Ost 2019/2020"]
[Site "alle Wien"]
[Date "2019.11.16"]
[Round "3"]
[Board "5"]
[White "Franzen, Jozef"]
[Black "Kaphle, Sebastian"]
[Result "1/2-1/2"]
[WhiteElo "2238"]
[BlackElo "2191"]
[PlyCount "165"]
[EventDate "2019.10.19"]
[EventType "team"]
[EventRounds "11"]
[EventCountry "AUT"]
[WhiteTeam "ASVOE Pamhagen"]
[BlackTeam "tschaturanga"]

1. e4 e5 2. Nf3 Nc6 3. Bb5 Nf6 4. d3 Bc5 5. Be3 Bxe3 6. fxe3 O-O 7. O-O d6 8.
Nc3 Ne7 9. Bc4 Ng6 10. Qe1 c6 11. Bb3 a5 12. Nh4 Nxh4 13. Qxh4 b5 14. a4 b4 15.
Ne2 Ra7 16. Ng3 Ng4 17. Qxd8 Rxd8 18. Rf3 Be6 19. Bxe6 fxe6 20. Nf1 Rf8 21. h3
Nf6 22. Nd2 Nd7 23. Raf1 Rf6 24. b3 d5 25. d4 Kf7 26. Kf2 Rc7 27. Ke2 c5 28.
Kd1 c4 29. exd5 exd5 30. dxe5 Nxe5 31. Rxf6+ gxf6 32. Rf4 Ke6 33. e4 c3 34.
exd5+ Kxd5 35. Ne4 Ng6 36. Nxf6+ Ke5 37. Rf2 Kd4 38. Rf5 Rc6 39. Rd5+ Ke3 40.
Ng4+ Kf4 41. Rd3 Rc5 42. g3+ Kf5 43. Ne3+ Ke6 44. Nc4 Ne7 45. Rd6+ Kf5 46. Rh6
Rd5+ 47. Ke2 Kg5 48. Rxh7 Nf5 49. Kf3 Rd1 50. Ra7 Nd4+ 51. Ke4 Nxb3 52. h4+ Kh6
53. Ne3 Re1 54. Kf4 Nd4 55. Ra6+ Kh7 56. Rxa5 Nxc2 57. Ra7+ Kg8 58. Nd5 Nd4 59.
Nxb4 c2 60. Nxc2 Nxc2 61. h5 Rf1+ 62. Kg5 Rg1 63. Ra8+ Kh7 64. Ra7+ Kg8 65. Kf4
Rf1+ 66. Ke4 Rg1 67. Kf3 Rf1+ 68. Ke4 Rg1 69. Kf3 Rf1+ 70. Ke2 Rh1 71. g4 Rh3
72. Ra6 Rg3 73. Rg6+ Kf7 74. Kf2 Ra3 75. Ra6 Nd4 76. g5 Rf3+ 77. Kg2 Rf5 78.
g6+ Kg7 79. Ra7+ Kg8 80. Rh7 Ne6 81. Kg3 Ra5 82. Re7 Ng7 83. Re4  1/2-1/2

[Event "2. Bundesliga Ost 2019/2020"]
[Site "alle Wien"]
[Date "2019.11.16"]
[Round "3"]
[Board "6"]
[White "Leitner, Gerald"]
[Black "Rueckschloss, Karol"]
[Result "1/2-1/2"]
[WhiteElo "2139"]
[BlackElo "2229"]
[PlyCount "91"]
[EventDate "2019.10.19"]
[EventType "team"]
[EventRounds "11"]
[EventCountry "AUT"]
[WhiteTeam "tschaturanga"]
[BlackTeam "ASVOE Pamhagen"]

1. d4 f5 2. Nf3 Nf6 3. g3 g6 4. Bg2 Bg7 5. O-O O-O 6. c4 d6 7. Nc3 c6 8. Qc2
Qc7 9. e4 fxe4 10. Nxe4 Bf5 11. Nxf6+ exf6 12. Qb3 Kh8 13. Bf4 g5 14. Be3 Nd7
15. Rfd1 Rae8 16. Rac1 Bg6 17. h4 h6 18. Qc3 Nb6 19. b3 Nc8 20. d5 c5 21. Qd2
Qd7 22. Kh2 Ne7 23. Re1 Bh5 24. b4 b6 25. b5 Nf5 26. a4 Nxe3 27. Rxe3 Rxe3 28.
Qxe3 Qf5 29. Re1 Re8 30. Qd2 Rxe1 31. Nxe1 gxh4 32. Nd3 hxg3+ 33. fxg3 Bg6 34.
Nf4 Bh7 35. a5 h5 36. axb6 axb6 37. Qe2 Qe5 38. Qa2 Be4 39. Bxe4 Qxe4 40. Nxh5
f5 41. Nf4 Be5 42. Qa8+ Kh7 43. Qf8 Bxf4 44. Qf7+ Kh6 45. Qf6+ Kh7 46. Qf7+
 1/2-1/2

[Event "2. Bundesliga Ost 2019/2020"]
[Site "alle Wien"]
[Date "2019.11.16"]
[Round "3"]
[Board "1"]
[White "Petrik, Tomas"]
[Black "Lizak, Peter"]
[Result "1/2-1/2"]
[WhiteElo "2462"]
[BlackElo "2460"]
[PlyCount "120"]
[EventDate "2019.10.19"]
[EventType "team"]
[EventRounds "11"]
[EventCountry "AUT"]
[WhiteTeam "SG Mistelbach/Altlichtenwarth"]
[BlackTeam "Data Technology Pressbaum/E."]

1. e4 c6 2. d4 d5 3. Nc3 dxe4 4. Nxe4 Nf6 5. Nxf6+ exf6 6. c3 Bd6 7. Bd3 O-O 8.
Qc2 Re8+ 9. Ne2 h5 10. Be3 Nd7 11. O-O h4 12. c4 Nf8 13. Nc3 Bc7 14. Rfe1 Bg4
15. d5 Qd6 16. g3 hxg3 17. hxg3 Qd7 18. c5 Re5 19. d6 Ba5 20. Be4 Bxc3 21. bxc3
Rae8 22. Bg2 Ne6 23. Qd2 Rh5 24. Rab1 Bh3 25. Bxh3 Rxh3 26. Qb2 Rb8 27. Qe2 g6
28. Bd4 Rh5 29. Bxf6 Nxc5 30. Qe7 b6 31. Bd4 Qxe7 32. Rxe7 Ne6 33. Be3 Rd5 34.
Rxa7 Rxd6 35. Rxb6 Rxb6 36. Bxb6 c5 37. Rb7 Rd3 38. a4 Rxc3 39. a5 Ra3 40. Ra7
Rb3 41. Rb7 Ra3 42. Kf1 Ra2 43. Ra7 Rb2 44. Rd7 Ra2 45. Rd5 g5 46. Ke1 Kh7 47.
Kd1 Kg6 48. Kc1 Kh5 49. Rf5 Kg6 50. Rd5 Kh5 51. Kb1 Ra4 52. Kb2 Kg4 53. Kb3
Rb4+ 54. Ka3 Rb5 55. Rd3 Nd4 56. Rc3 Rxa5+ 57. Bxa5 Nb5+ 58. Kb3 Nxc3 59. Kxc3
Kf3 60. Bd8 Kxf2  1/2-1/2

[Event "2. Bundesliga Ost 2019/2020"]
[Site "alle Wien"]
[Date "2019.11.16"]
[Round "3"]
[Board "2"]
[White "Videki, Sandor"]
[Black "Mikes, Jan"]
[Result "1/2-1/2"]
[WhiteElo "2405"]
[BlackElo "2355"]
[PlyCount "88"]
[EventDate "2019.10.19"]
[EventType "team"]
[EventRounds "11"]
[EventCountry "AUT"]
[WhiteTeam "Data Technology Pressbaum/E."]
[BlackTeam "SG Mistelbach/Altlichtenwarth"]

1. d4 Nf6 2. c4 g6 3. Nc3 d5 4. Bf4 Bg7 5. e3 O-O 6. Rc1 dxc4 7. Bxc4 a6 8. Nf3
Nc6 9. h3 b5 10. Be2 Bb7 11. O-O Rc8 12. a4 b4 13. Na2 Nd5 14. Bh2 e6 15. Nd2
e5 16. Nb3 exd4 17. Nc5 Ba8 18. e4 d3 19. Bxd3 Nde7 20. Bxa6 Bxb2 21. Rc2 Bd4
22. Nb3 Bb6 23. Rd2 Qe8 24. Bb5 Rd8 25. a5 Ba7 26. Bxc7 Rxd2 27. Qxd2 Qc8 28.
Qd6 Qb7 29. Bc4 Nxa5 30. Nxa5 Qxe4 31. Qg3 Rc8 32. Nxb4 Nf5 33. Qg5 Rxc7 34.
Bd5 Bxd5 35. Qd8+ Kg7 36. Nxd5 Bxf2+ 37. Rxf2 Rc1+ 38. Kh2 Qe5+ 39. Nf4 Qe1 40.
Nh5+ Kh6 41. Rxf5 Qg1+ 42. Kg3 Qe1+ 43. Kh2 Qg1+ 44. Kg3 Qe1+  1/2-1/2

[Event "2. Bundesliga Ost 2019/2020"]
[Site "alle Wien"]
[Date "2019.11.16"]
[Round "3"]
[Board "3"]
[White "Groetz, Harald"]
[Black "Hechl, Gerald"]
[Result "0-1"]
[WhiteElo "2312"]
[BlackElo "2359"]
[PlyCount "176"]
[EventDate "2019.10.19"]
[EventType "team"]
[EventRounds "11"]
[EventCountry "AUT"]
[WhiteTeam "SG Mistelbach/Altlichtenwarth"]
[BlackTeam "Data Technology Pressbaum/E."]

1. Nf3 d5 2. g3 Nd7 3. d4 Nb6 4. Bg2 Bf5 5. b3 Nf6 6. O-O e6 7. Nbd2 Be7 8. Bb2
O-O 9. Nh4 Bg4 10. h3 Bh5 11. g4 Nfd7 12. Nhf3 Bg6 13. Ne5 c5 14. Nxg6 hxg6 15.
e4 cxd4 16. Bxd4 Bf6 17. Bxf6 Nxf6 18. exd5 Nbxd5 19. Qf3 Qc7 20. c4 Nf4 21.
Rad1 Rad8 22. Ne4 Nxe4 23. Qxe4 g5 24. Rfe1 b6 25. Qf3 Rxd1 26. Rxd1 Rd8 27.
Bf1 Rxd1 28. Qxd1 e5 29. b4 g6 30. a3 Kg7 31. Qd2 Qc6 32. Qe3 Kf6 33. Kh2 Qd6
34. Bg2 Qd4 35. Bf1 Qd1 36. Kg1 Ne6 37. Kg2 Qd4 38. Kg1 e4 39. a4 Ke5 40. Kh2
f5 41. Qe1 Qb2 42. Bg2 Qc2 43. a5 Qxc4 44. axb6 axb6 45. Bf1 Qd4 46. Kg1 Qb2
47. Bg2 Nd4 48. f3 Qc1 49. Qxc1 Ne2+ 50. Kf2 Nxc1 51. fxe4 fxg4 52. Kg3 gxh3
53. Bxh3 Nd3 54. Bg2 Kf6 55. b5 Ne5 56. Bf1 Ke7 57. Be2 Kd6 58. Kf2 Kc5 59. Ke3
g4 60. Kf4 Kd4 61. Bf1 g5+ 62. Kxg5 Kxe4 63. Bg2+ Kd4 64. Kf4 Nc4 65. Bc6 Ne3
66. Be8 Nd5+ 67. Kg3 Nf6 68. Bc6 Ke5 69. Bb7 Kf5 70. Bc6 Kg5 71. Bb7 Nh5+ 72.
Kg2 Kh4 73. Kf2 Nf4 74. Ke3 Ne6 75. Bd5 Nc7 76. Bc6 g3 77. Bd7 Nd5+ 78. Kf3 Nc3
79. Kg2 Ne2 80. Kf3 Nd4+ 81. Kg2 Nc2 82. Bc8 Ne1+ 83. Kf1 Nf3 84. Kg2 Ne5 85.
Be6 Ng4 86. Kf3 Kh3 87. Bxg4+ Kh2 88. Bd7 g2  0-1

[Event "2. Bundesliga Ost 2019/2020"]
[Site "alle Wien"]
[Date "2019.11.16"]
[Round "3"]
[Board "4"]
[White "Neumeier, Klaus"]
[Black "Hofmann, Thomas"]
[Result "1-0"]
[WhiteElo "2273"]
[BlackElo "2228"]
[PlyCount "67"]
[EventDate "2019.10.19"]
[EventType "team"]
[EventRounds "11"]
[EventCountry "AUT"]
[WhiteTeam "Data Technology Pressbaum/E."]
[BlackTeam "SG Mistelbach/Altlichtenwarth"]

1. c4 Nf6 2. Nf3 c5 3. g3 d5 4. cxd5 Nxd5 5. Bg2 Nc6 6. Nc3 Nc7 7. O-O e5 8. a3
Rb8 9. Rb1 Bf5 10. d3 c4 11. Nh4 Be6 12. dxc4 Qxd1 13. Rxd1 Bxc4 14. b4 Nd4 15.
e3 Ncb5 16. Nxb5 Nxb5 17. Bb2 f6 18. f4 exf4 19. exf4 Nd6 20. Re1+ Be7 21. Rbc1
Rc8 22. Bh3 Rc6 23. Nf5 Nxf5 24. Bxf5 Bb5 25. Be4 Rxc1 26. Rxc1 Ba6 27. Bd4 O-O
28. Bd5+ Kh8 29. Rc7 Re8 30. Bf7 Bd8 31. Rd7 Re1+ 32. Kf2 Re2+ 33. Kf3 Be7 34.
Bc5  1-0

[Event "2. Bundesliga Ost 2019/2020"]
[Site "alle Wien"]
[Date "2019.11.16"]
[Round "3"]
[Board "5"]
[White "Vrana, Frantisek"]
[Black "Schmidrathner, Christian"]
[Result "1-0"]
[WhiteElo "2254"]
[BlackElo "2092"]
[PlyCount "62"]
[EventDate "2019.10.19"]
[EventType "team"]
[EventRounds "11"]
[EventCountry "AUT"]
[WhiteTeam "SG Mistelbach/Altlichtenwarth"]
[BlackTeam "Data Technology Pressbaum/E."]

1. d4 Nf6 2. Nf3 d6 3. c4 Nbd7 4. Nc3 e5 5. e4 Be7 6. Be2 c6 7. O-O O-O 8. Qc2
Qe8 9. Re1 h6 10. b3 Bd8 11. Ba3 Bc7 12. Rad1 Qe6 13. Nd5 Ba5 14. Nxf6+ Qxf6
15. dxe5 dxe5 16. Rd6 Qe7 17. Red1 Nf6 18. Bb2 Bc7 19. Bxe5 Nxe4 20. Qxe4 Bxd6
21. Rxd6 Re8 22. Bd3 f5 23. Qd4 Be6 24. Nd2 Bf7 25. f4 Rad8 26. c5 b5 27. Bxf5
Bd5 28. Qf2 Rxd6 29. cxd6 Qf7 30. Qg3 Rxe5 31. d7 Qf8  1-0

[Event "2. Bundesliga Ost 2019/2020"]
[Site "alle Wien"]
[Date "2019.11.16"]
[Round "3"]
[Board "6"]
[White "Wandl, Werner"]
[Black "Hajek, Oskar"]
[Result "0-1"]
[WhiteElo "2021"]
[BlackElo "2166"]
[PlyCount "120"]
[EventDate "2019.10.19"]
[EventType "team"]
[EventRounds "11"]
[EventCountry "AUT"]
[WhiteTeam "Data Technology Pressbaum/E."]
[BlackTeam "SG Mistelbach/Altlichtenwarth"]

1. d4 d6 2. Nf3 Nf6 3. b3 g6 4. Bb2 Bg7 5. e3 O-O 6. Bd3 c5 7. Nbd2 cxd4 8.
exd4 Nc6 9. a3 e5 10. O-O Bg4 11. h3 Bxf3 12. Qxf3 exd4 13. Bb5 Nd7 14. Kh1 Rc8
15. Qd1 Qb6 16. a4 d5 17. Nf3 Rfd8 18. Bxc6 Qxc6 19. Nxd4 Qc5 20. Qd3 Nf6 21.
c3 Ne4 22. b4 Qc4 23. Qxc4 Rxc4 24. Ne2 Nxc3 25. Nxc3 Bxc3 26. Bxc3 Rxc3 27.
Rfc1 d4 28. Kg1 Rxc1+ 29. Rxc1 d3 30. b5 Rd4 31. Rd1 Kg7 32. Kf1 Rxa4 33. Rxd3
Ra5 34. Rb3 Ra2 35. g3 Kf6 36. Rf3+ Ke6 37. Re3+ Kd6 38. Rd3+ Kc7 39. Re3 Rd2
40. Rf3 f5 41. Re3 Rd5 42. Re7+ Rd7 43. Re6 Rd5 44. Re7+ Kb6 45. Rxh7 Rxb5 46.
Rh6 a5 47. Rxg6+ Ka7 48. Rd6 a4 49. Rd2 Ra5 50. h4 b5 51. h5 Kb6 52. h6 Ra7 53.
f3 a3 54. Ra2 b4 55. g4 fxg4 56. fxg4 b3 57. h7 b2 58. Rxb2+ axb2 59. h8=Q
b1=Q+ 60. Kg2 Qe4+  0-1

[Event "2. Bundesliga Ost 2019/2020"]
[Site "alle Wien"]
[Date "2019.11.16"]
[Round "3"]
[Board "1"]
[White "Loeffler, Stefan"]
[Black "Vlcek, Stanislav"]
[Result "1/2-1/2"]
[WhiteElo "2373"]
[BlackElo "2297"]
[PlyCount "24"]
[EventDate "2019.10.19"]
[EventType "team"]
[EventRounds "11"]
[EventCountry "AUT"]
[WhiteTeam "ASVOE VHS Poechlarn"]
[BlackTeam "Amateure"]

1. d4 Nf6 2. c4 g6 3. f3 Bg7 4. e4 d6 5. Be3 O-O 6. Nc3 e5 7. d5 Nh5 8. Qd2
Qh4+ 9. Bf2 Qf4 10. Be3 Qh4+ 11. Bf2 Qf4 12. Be3 Qh4+  1/2-1/2

[Event "2. Bundesliga Ost 2019/2020"]
[Site "alle Wien"]
[Date "2019.11.16"]
[Round "3"]
[Board "2"]
[White "Bachofner, Andreas"]
[Black "Ganaus, Hannes"]
[Result "1/2-1/2"]
[WhiteElo "2213"]
[BlackElo "2196"]
[PlyCount "71"]
[EventDate "2019.10.19"]
[EventType "team"]
[EventRounds "11"]
[EventCountry "AUT"]
[WhiteTeam "Amateure"]
[BlackTeam "ASVOE VHS Poechlarn"]

1. e4 c6 2. d4 d5 3. exd5 cxd5 4. Bd3 Nc6 5. c3 g6 6. h3 Nh6 7. Nf3 Bf5 8. Na3
Bxd3 9. Qxd3 e6 10. Bf4 Nf5 11. Nb5 Rc8 12. g4 Nd6 13. Nxd6+ Bxd6 14. Bh6 Bf8
15. Bxf8 Kxf8 16. Qe3 Kg7 17. O-O-O b5 18. Kb1 Qe7 19. Rc1 h6 20. h4 h5 21. g5
Rc7 22. Rc2 Rhc8 23. Rhc1 Na5 24. Ne5 Nc4 25. Nxc4 Rxc4 26. f4 Qc7 27. Qe5+ Kg8
28. b3 Rc6 29. Qxc7 R8xc7 30. Kb2 Kf8 31. Re2 Ke7 32. a3 a5 33. Rcc2 Kd7 34.
Rg2 Kd6 35. Rge2 Kd7 36. Rg2  1/2-1/2

[Event "2. Bundesliga Ost 2019/2020"]
[Site "alle Wien"]
[Date "2019.11.16"]
[Round "3"]
[Board "3"]
[White "Weinzettl, Ernst"]
[Black "Frindt, Kornel"]
[Result "1-0"]
[WhiteElo "2175"]
[BlackElo "2196"]
[PlyCount "67"]
[EventDate "2019.10.19"]
[EventType "team"]
[EventRounds "11"]
[EventCountry "AUT"]
[WhiteTeam "ASVOE VHS Poechlarn"]
[BlackTeam "Amateure"]

1. e4 c5 2. Nf3 Nc6 3. Nc3 Nf6 4. Bb5 g6 5. e5 Ng4 6. Bxc6 dxc6 7. h3 Nh6 8. g4
f5 9. exf6 exf6 10. d3 Qe7+ 11. Be3 Bd7 12. Qd2 Ng8 13. O-O-O O-O-O 14. Ne4 b6
15. Kb1 Be6 16. Rhe1 h6 17. Bf4 Qf7 18. a3 Rh7 19. Qc3 Bd5 20. Bg3 Kb7 21. Qd2
a5 22. Qf4 Ka8 23. Nfd2 f5 24. gxf5 gxf5 25. Nc3 Bd6 26. Qh4 Be7 27. Qa4 Bf6
28. Nxd5 Qxd5 29. Nc4 Rb7 30. Be5 Bg5 31. f4 Bh4 32. Rg1 Ne7 33. Rg7 Nc8 34.
Nxb6+  1-0

[Event "2. Bundesliga Ost 2019/2020"]
[Site "alle Wien"]
[Date "2019.11.16"]
[Round "3"]
[Board "4"]
[White "Kuntner, Reinhard"]
[Black "Batyte, Daiva"]
[Result "0-1"]
[WhiteElo "2049"]
[BlackElo "2145"]
[PlyCount "123"]
[EventDate "2019.10.19"]
[EventType "team"]
[EventRounds "11"]
[EventCountry "AUT"]
[WhiteTeam "Amateure"]
[BlackTeam "ASVOE VHS Poechlarn"]

1. d4 Nf6 2. c4 g6 3. Nc3 Bg7 4. e4 d6 5. f3 Nbd7 6. Be3 c5 7. Nge2 cxd4 8.
Nxd4 O-O 9. Qd2 Nc5 10. Be2 Bd7 11. O-O a5 12. b3 Ne6 13. Nxe6 Bxe6 14. Rac1
Nd7 15. Kh1 Nc5 16. Rfd1 Qc8 17. Nd5 Bxd5 18. cxd5 b6 19. Bb5 Qd8 20. g4 Rc8
21. Rc4 e5 22. Rg1 f6 23. Bc6 Rf7 24. Qd1 Rb8 25. a3 Ra7 26. Qc2 Bf8 27. Rc1 b5
28. Bxc5 dxc5 29. Rxc5 Bxc5 30. Qxc5 Qb6 31. Qxb6 Rxb6 32. d6 Kf8 33. Rc5 b4
34. a4 Rb8 35. Bb5 Rd8 36. d7 Ke7 37. Kg2 Rb7 38. Kf2 h5 39. g5 Rb6 40. Ke3 Rd6
41. gxf6+ Kxf6 42. f4 exf4+ 43. Kxf4 Rd2 44. Rc6+ Kf7 45. e5 Rxh2 46. Rf6+ Kg7
47. Rd6 Rh4+ 48. Kg3 Re4 49. e6 Kf6 50. Bc4 Ke7 51. Ra6 Re5 52. Bb5 Rxe6 53.
Rxa5 Re3+ 54. Kf4 Rxb3 55. Ra6 Rf8+ 56. Ke4 Rg3 57. Kd5 Rg5+ 58. Kc6 b3 59. Ra7
Rd8 60. Bd3 Rg3 61. Be4 b2 62. Ra5  0-1

[Event "2. Bundesliga Ost 2019/2020"]
[Site "alle Wien"]
[Date "2019.11.16"]
[Round "3"]
[Board "5"]
[White "Lammer, Stefan"]
[Black "Lipp, Alfred"]
[Result "1/2-1/2"]
[WhiteElo "2111"]
[BlackElo "2007"]
[PlyCount "73"]
[EventDate "2019.10.19"]
[EventType "team"]
[EventRounds "11"]
[EventCountry "AUT"]
[WhiteTeam "ASVOE VHS Poechlarn"]
[BlackTeam "Amateure"]

1. e4 c5 2. d4 cxd4 3. c3 Nf6 4. e5 Nd5 5. Nf3 Nc6 6. cxd4 d6 7. Bc4 Nb6 8. Bb3
e6 9. O-O Be7 10. Qe2 O-O 11. Nc3 dxe5 12. dxe5 Nd7 13. Rd1 Qa5 14. Bf4 a6 15.
Bc2 Rd8 16. a3 Nf8 17. Ne4 Bd7 18. Rac1 Be8 19. h4 Rxd1+ 20. Rxd1 Rd8 21. Nd6
Bxd6 22. exd6 f6 23. Qc4 Bf7 24. Be3 e5 25. Qg4 Kh8 26. h5 Qb5 27. h6 g6 28. b4
Be6 29. Qh4 Nd7 30. Be4 Rc8 31. Rc1 Na7 32. Rc5 Rxc5 33. Bxc5 b6 34. a4 Qxa4
35. Bxb6 Nc8 36. Bc5 Nxd6 37. Kh2  1/2-1/2

[Event "2. Bundesliga Ost 2019/2020"]
[Site "alle Wien"]
[Date "2019.11.16"]
[Round "3"]
[Board "6"]
[White "Jirovec, Alfred"]
[Black "Schweitzer, Werner"]
[Result "1/2-1/2"]
[WhiteElo "2006"]
[BlackElo "2035"]
[PlyCount "77"]
[EventDate "2019.10.19"]
[EventType "team"]
[EventRounds "11"]
[EventCountry "AUT"]
[WhiteTeam "Amateure"]
[BlackTeam "ASVOE VHS Poechlarn"]

1. Nf3 Nf6 2. c4 g6 3. g3 Bg7 4. Bg2 O-O 5. Nc3 d6 6. d4 Nbd7 7. O-O e5 8. d5
a5 9. Qc2 Nc5 10. e4 Ne8 11. Be3 b6 12. a3 f5 13. b4 Nxe4 14. Nxe4 fxe4 15. Nd2
Bf5 16. Nxe4 Nf6 17. f3 Nxe4 18. fxe4 Bg4 19. c5 Rxf1+ 20. Rxf1 axb4 21. axb4
bxc5 22. bxc5 dxc5 23. Qxc5 Bf8 24. Qc2 Bd6 25. h3 Bd7 26. Qd2 Qe7 27. Kh2 Bb4
28. Qc2 Ba4 29. Qc4 Bd6 30. Ra1 Qe8 31. Bc5 Qd7 32. Bf3 Rf8 33. Bg4 Qb5 34.
Qxb5 Bxb5 35. Be3 Kg7 36. Kg2 Bd3 37. Bf3 Rb8 38. Rd1 Rb2+ 39. Rd2  1/2-1/2

[Event "2. Bundesliga Ost 2019/2020"]
[Site "alle Wien"]
[Date "2019.11.17"]
[Round "4"]
[Board "1"]
[White "Schroll, Gerhard"]
[Black "Vlcek, Stanislav"]
[Result "1-0"]
[WhiteElo "2317"]
[BlackElo "2297"]
[PlyCount "53"]
[EventDate "2019.10.19"]
[EventType "team"]
[EventRounds "11"]
[EventCountry "AUT"]
[WhiteTeam "ASVOE Mattersburg"]
[BlackTeam "Amateure"]

1. b3 Nf6 2. Bb2 g6 3. g3 Bg7 4. Bg2 d6 5. d4 O-O 6. Nf3 e5 7. dxe5 Ng4 8. Qc1
Nxe5 9. Nxe5 dxe5 10. O-O c6 11. Nd2 Bg4 12. Qe1 Qc7 13. Nc4 Nd7 14. h3 Be6 15.
Qa5 b6 16. Qc3 Bd5 17. Rad1 Bxg2 18. Kxg2 Rfe8 19. f4 f5 20. Nd6 Re6 21. Qc4
Nf8 22. fxe5 Kh8 23. e4 b5 24. Nxb5 Qa5 25. Nd6 Qxa2 26. Bd4 c5 27. Ra1  1-0

[Event "2. Bundesliga Ost 2019/2020"]
[Site "alle Wien"]
[Date "2019.11.17"]
[Round "4"]
[Board "2"]
[White "Bachofner, Andreas"]
[Black "Wukits, Rene"]
[Result "0-1"]
[WhiteElo "2213"]
[BlackElo "2279"]
[PlyCount "78"]
[EventDate "2019.10.19"]
[EventType "team"]
[EventRounds "11"]
[EventCountry "AUT"]
[WhiteTeam "Amateure"]
[BlackTeam "ASVOE Mattersburg"]

1. e4 c5 2. b3 Nc6 3. Bb2 e6 4. f4 d5 5. e5 Nge7 6. Nf3 a6 7. a4 h5 8. g3 Nf5
9. Bh3 g6 10. Bxf5 gxf5 11. h4 b6 12. d3 Bb7 13. Nbd2 d4 14. Rh2 b5 15. axb5
axb5 16. Ng5 Be7 17. Rxa8 Bxa8 18. Ndf3 Kf8 19. c3 Kg7 20. cxd4 cxd4 21. Qa1
Qd5 22. Qd1 Bb7 23. Kf1 Bb4 24. Bc1 Na5 25. Nd2 Kg6 26. Nb1 Nxb3 27. Ba3 Rc8
28. Kf2 Bxa3 29. Nxa3 Rc1 30. Qf3 Qd7 31. Qe2 Rc3 32. Nc2 Nc1 33. Qd1 Nxd3+ 34.
Kg1 b4 35. Nh7 Qc6 36. Nf6 Qf3 37. Qxf3 Bxf3 38. Rd2 b3 39. Nxd4 Rc1+  0-1

[Event "2. Bundesliga Ost 2019/2020"]
[Site "alle Wien"]
[Date "2019.11.17"]
[Round "4"]
[Board "3"]
[White "Petran, Peter"]
[Black "Frindt, Kornel"]
[Result "1/2-1/2"]
[WhiteElo "2242"]
[BlackElo "2196"]
[PlyCount "114"]
[EventDate "2019.10.19"]
[EventType "team"]
[EventRounds "11"]
[EventCountry "AUT"]
[WhiteTeam "ASVOE Mattersburg"]
[BlackTeam "Amateure"]

1. g3 f5 2. Bg2 Nf6 3. c4 e6 4. b3 d5 5. Bb2 c6 6. Nf3 Bd6 7. O-O O-O 8. d3 Qe7
9. a3 b6 10. Nbd2 Bb7 11. d4 Nbd7 12. b4 Rac8 13. c5 Bb8 14. Nb3 Ne4 15. e3 g5
16. Nfd2 Nef6 17. a4 Ba6 18. Re1 Rf7 19. cxb6 axb6 20. b5 cxb5 21. Bf1 Nf8 22.
axb5 Bb7 23. Ba3 Qe8 24. Nf3 Ne4 25. Nbd2 Rg7 26. Ne5 Nd6 27. Qb3 h5 28. Rec1
Rxc1 29. Rxc1 h4 30. Nc6 hxg3 31. fxg3 g4 32. Nxb8 Qxb8 33. Qb4 Rd7 34. Qc3 Nf7
35. Bg2 Ng5 36. Bxf8 Qxf8 37. Nf1 Rh7 38. Qb2 Qd6 39. Qf2 Rd7 40. Qf4 Nf7 41.
h3 gxh3 42. Bxh3 Qxf4 43. gxf4 Nd6 44. Nd2 Rg7+ 45. Kf2 Nxb5 46. Rb1 Ba6 47.
Bf1 Nc3 48. Bxa6 Nxb1 49. Nxb1 Ra7 50. Be2 Ra2 51. Nc3 Rc2 52. Nb5 Kf7 53. Ke1
Ke7 54. Bd3 Rb2 55. Kd1 Kd7 56. Kc1 Rh2 57. Nc3 Kc7  1/2-1/2